عرض عادي
عرض مارك
- القرآن الكريم
دخول Topical Term
001 - CONTROL NUMBER
- control field: 28172
003 - CONTROL NUMBER IDENTIFIER
- control field: AE-AdECS
005 - DATE AND TIME OF LATEST TRANSACTION
- control field: 20260327084148.0
008 - FIXED-LENGTH DATA ELEMENTS
- fixed length control field: 260327|| aca||aabn | a|a d
040 ## - CATALOGING SOURCE
- Original cataloging agency: AE-AdECS
- Transcribing agency: AE-AdECS
150 ## - HEADING--TOPICAL TERM
- Topical term or geographic name entry element: القرآن الكريم
- General subdivision: أدب التلاوة
670 ## - SOURCE DATA FOUND
- Source citation: Work cat.: (AE-AdECS)294624: عطية، محيي الدين محمد مؤلف. 14579, ورتل القرآن ترتيلا /
